A Theory of economic history (Record no. 53410)

MARC details
000 -LEADER
fixed length control field 00637nam a22002177a 4500
005 - DATE AND TIME OF LATEST TRANSACTION
control field 20231009123637.0
008 - FIXED-LENGTH DATA ELEMENTS--GENERAL INFORMATION
fixed length control field 180917t1969 nyua gr|||| 00| 0 eng|| u
020 ## - INTERNATIONAL STANDARD BOOK NUMBER
International Standard Book Number 0198811632
050 04 - LIBRARY OF CONGRESS CALL NUMBER
Classification number HC26
Item number H53 1969
100 1# - MAIN ENTRY--PERSONAL NAME
Personal name Hicks, John,
Relator term autor
245 12 - TITLE STATEMENT
Title A Theory of economic history
Statement of responsibility, etc / by John Hicks
250 ## - EDITION STATEMENT
Edition statement 1a ed.
260 ## - PUBLICATION, DISTRIBUTION, ETC. (IMPRINT)
Place of publication, distribution, etc Oxford :
Name of publisher, distributor, etc Oxford University Press,
Date of publication, distribution, etc 1969
300 ## - PHYSICAL DESCRIPTION
Extent vii, 181 p. :
Other physical details il. ;
Dimensions 20 cm.
490 0# - SERIES STATEMENT
Series statement Clarendon Paperbacks
504 ## - BIBLIOGRAPHY, ETC. NOTE
Bibliography, etc Incluye apéndice, bibliografías e índice
650 #7 - SUBJECT ADDED ENTRY--TOPICAL TERM
Topical term or geographic name as entry element Historia económica
Source of heading or term lemb
650 #7 - SUBJECT ADDED ENTRY--TOPICAL TERM
Topical term or geographic name as entry element Economía
Source of heading or term lemb
942 ## - ADDED ENTRY ELEMENTS (KOHA)
Source of classification or shelving scheme Biblioteca del Cogreso de los Estados Unidos
Koha item type Libro
Holdings
Estado de pérdida Fuente de clasificación Estado del daño No para préstamo Ubicación permanente Ubicación actual Apartado o colección Fecha de adquisición Fuente de adquisición Edición Dependencia de educación superior (DES) Área del conocimiento Clasificación Código de Barras Date last seen Número de copia Costo por reposición Tipo de recurso
  Biblioteca del Cogreso de los Estados Unidos   Uso interno Biblioteca Biblioteca de la Facultad de Economía Biblioteca de la Facultad de Economía General 09/10/2023 Posgrado Unidad Académica 1a ed. Ciencias Económico Administrativas Ciencias Sociales y Administrativas HC26 H53 r2001 BFE000014539 17/09/2018 1 1.00 Libro